Chargement en cours...

Structure of complex words /

Détails bibliographiques
Auteur principal: Empson, William .
Format: Printed Book
Langue:English
Publié: London : Chatto and Windus , 1964.
LEADER 00700cam a2200193ua 4500
041 |a eng 
082 |a 828.09  |b EMP/ST 
100 |a Empson, William . 
245 |a Structure of complex words /   |c William empson.  |h Textual Documents 
260 |a London :   |b Chatto and Windus ,   |c 1964. 
300 |a 452 ; . 
500 |a **Reference 
504
541 |e 11863  
541 |e 6967**  
942 |c BK 
999 |c 33127  |d 33127 
952 |0 0  |1 0  |4 0  |6 828_090000000000000  |7 0  |9 43583  |a KAUAET  |b KAUAET  |d 2012-04-07  |m 0  |o 828.09  |p KAU_KCAET-11863  |r 2012-04-07  |w 2012-04-07  |y BK 
952 |0 0  |1 0  |4 0  |6 828_090000000000000  |7 0  |9 43584  |a KAUAET   |d 2012-04-07  |m 0  |o 828.09  |p KAU_KCAET-6967**   |r 2012-04-07  |t 2  |w 2012-04-07  |y REF